书目信息 |
| 题名: |
高频开关变换器的数字控制
|
|
| 作者: | 科拉迪尼 , 马克西莫维奇 , 马塔韦利 著 ;张卫平 , 毛鹏 , 张懋 译 | |
| 分册: | ||
| 出版信息: | 北京 机械工业出版社 2017.8 |
|
| 页数: | 248页 | |
| 开本: | 24cm | |
| 丛书名: | 电子科学与工程系列图书 | |
| 单 册: | ||
| 中图分类: | TN624 | |
| 科图分类: | ||
| 主题词: | 变换器--bian huan qi--数字控制 | |
| 电子资源: | ||
| ISBN: | 978-7-111-57605-1 | |
| 000 | 01916nam 2200373 45 | |
| 001 | 012001000696 | |
| 005 | 20131106151406.0 | |
| 010 | @a978-7-111-57605-1@dCNY89.00 | |
| 099 | @aCAL 012017170726 | |
| 100 | @a20171127d2018 em y0chiy50 ea | |
| 101 | 1 | @achi@ceng |
| 102 | @aCN@b110000 | |
| 105 | @aak a 000yy | |
| 106 | @ar | |
| 200 | 1 | @a高频开关变换器的数字控制@Agao pin kai guan bian huan qi de shu zi kong zhi@f(意) 卢卡·科拉迪尼 ... [等] 著@d= Digital control of high-frequency switched-mode power converters@fLuca Corradini ... [et al.]@g张卫平, 毛鹏, 张懋译@zeng |
| 210 | @a北京@c机械工业出版社@d2017.8 | |
| 215 | @a248页@c图@d24cm | |
| 225 | 2 | @a电子科学与工程系列图书@Adian zi ke xue yu gong cheng xi lie tu shu |
| 304 | @a著者还有:(美) 德拉甘·马克西莫维奇(Dragan Maksimovic)、(意) 保罗·马塔韦利(Paolo Mattavelli)、(美) 里根·赞恩(Regan Zane) | |
| 306 | @a由Wiley授权出版 | |
| 320 | @a有书目 (第236-248页) | |
| 330 | @a本书全面地介绍了开关功率变换器的数字控制。 第1章简介了开关变换器连续时间域经典的平均状态建模方法。第2章介绍了数字控制的基本结构。第3章介绍了开关变换器离散域直接建模的方法并得到z域的小信号动态模型。在此基础上,第4章介绍了如何直接设计数字补偿器。第5章介绍了模/数(A/D)转换器的幅度量化误差和数字脉冲宽度调制器(DPWM)。第6章介绍了数字补偿器的实现。后,第7章介绍了整定技术。 | |
| 410 | 0 | @12001 @a电子科学与工程系列图书 |
| 500 | 10 | @aDigital control of high-frequency switched-mode power converters@mChinese |
| 606 | 0 | @a变换器@Abian huan qi@x数字控制 |
| 690 | @aTN624@v5 | |
| 701 | 1 | @a科拉迪尼@Ake la di ni@g(Corradini, Luca)@4著 |
| 701 | 1 | @a马克西莫维奇@Ama ke xi mo wei qi@g(Maksimovic, Dragan)@4著 |
| 701 | 1 | @a马塔韦利@Ama ta wei li@g(Mattavelli, Paolo)@4著 |
| 702 | 0 | @a张卫平@Azhang wei ping@4译 |
| 702 | 0 | @a毛鹏@Amao peng@4译 |
| 702 | 0 | @a张懋@Azhang mao@4译 |
| 801 | 0 | @aCN@b北京卓展文化@c20191020 |
| 905 | @b1196661-3@dTN624@e88@f3 | |
| 高频开关变换器的数字控制/(意) 卢卡·科拉迪尼 ... [等] 著= Digital control of high-frequency switched-mode power converters/Luca Corradini ... [et al.]/张卫平, 毛鹏, 张懋译.-北京:机械工业出版社,2017.8 |
| 248页:图;24cm.-(电子科学与工程系列图书) |
| ISBN 978-7-111-57605-1:CNY89.00 |
| 本书全面地介绍了开关功率变换器的数字控制。 第1章简介了开关变换器连续时间域经典的平均状态建模方法。第2章介绍了数字控制的基本结构。第3章介绍了开关变换器离散域直接建模的方法并得到z域的小信号动态模型。在此基础上,第4章介绍了如何直接设计数字补偿器。第5章介绍了模/数(A/D)转换器的幅度量化误差和数字脉冲宽度调制器(DPWM)。第6章介绍了数字补偿器的实现。后,第7章介绍了整定技术。 |
| ● |
| 相关链接 |
|
|
|
|
正题名:高频开关变换器的数字控制
索取号:TN624/88
 
预约/预借
| 序号 | 登录号 | 条形码 | 馆藏地/架位号 | 状态 | 备注 |
| 1 | 1196661 | 211966611 | 第二样本阅览室/ [索取号:TN624/88] | 在馆 | |
| 2 | 1196662 | 211966620 | 第三借阅区/ [索取号:TN624/88] | 在馆 | |
| 3 | 1196663 | 211966639 | 第三借阅区/ [索取号:TN624/88] | 在馆 |